000 01638nam a2200325 a 4500
001 BRCA_3087
005 20190320204115.0
008 270109s1835----fr-a---###---#000-0dfre-u
041 _afre
044 _afr
084 _a394
_b.H53
_c1835
100 1 _aCervantes Saavedra, Miguel de
_d1547-1616
_9213
245 1 0 _aHistoire de L´Admirable Don Quichotte de la Manche
_cMiguel de Cervantes Saavedra.
260 _aParís
_bA. Hiard
_c1835
300 _a8 v.
_bil.
_c14 cm.
500 _aContenido : v 1. Primera parte. Retrato de Cervantes. Vida de Cervantes por Florian. Texto. -- v 2. Texto. -- v 3. Texto. Segunda pate. Texto. -- v 4. Texto. -- v 5. Texto. -- v 6. Texto. Continuación por el traductor. Texto. -- v 7. Continuación por el traductor. -- v 8. Continuación por el traductor. Vida de Cervantes por Florian
500 _aEdición : Traduite de l´Espagnol de Michel de Cervantes par Filleau de Saint-Martin
500 _aEdición similar a la anterior, pero con la Vida de Cervantes escrita por Florian, y láminas de Coutin. Edición económica Lúdovik Osterc
500 _aQM320
546 _aTexto en : francés
650 1 4 _aNovela española
_yÉpoca clásica, 1500-1700
_9215
650 1 4 _aLiteratura española
_yÉpoca clásica, 1500-1700
_9216
650 1 4 _aNovela española
_ySiglo XVII
_9217
650 1 4 _aDon Quijote (Personaje ficticio)
_eNovela
_9218
700 1 _aSaint-Martin, Francois Filleau de
_d1632-1695
_eTraductor
_98426
700 1 _aFlorian, Jean-Pierre Claris de
_d1755-1794
_eBiógrafo
_98427
740 0 _aEl Ingenioso Hidalgo Don Quijote de la Mancha
902 _aQFM
942 _2lcc
_cB
999 _c2823
_d2823